Normal view
MARC view
- القران - قراءات
Entry Topical Term
001 - CONTROL NUMBER
- control field: 8977
003 - CONTROL NUMBER IDENTIFIER
- control field: JO-AjAnu
005 - DATE AND TIME OF LATEST TRANSACTION
- control field: 20230606071739.0
008 - FIXED-LENGTH DATA ELEMENTS
- fixed length control field: 230606|| aca||aabn | a|a d
040 ## - CATALOGING SOURCE
- Original cataloging agency: JO-AjAnu
- Transcribing agency: JO-AjAnu
150 ## - HEADING--TOPICAL TERM
- Topical term or geographic name entry element: القران - قراءات
670 ## - SOURCE DATA FOUND
- Source citation: Work cat.: (JO-AjAnu)4630: الجمزورى، سليمان بن حسين؛ تحقيق وتعليق عبد الرزاق بن علي بن ابراهيم موسى, author 8976, الفتح الرحماني : شرح كنز المعاني بتحرسر حرز الأماني